Johannes Kunstmann: Nachruf
| Main Author: | |
|---|---|
| Contributors: | |
| Format: | Print Article |
| Language: | German |
| Check availability: | HBZ Gateway |
| Interlibrary Loan: | Interlibrary Loan for the Fachinformationsdienste (Specialized Information Services in Germany) |
| Published: |
1995
|
| In: |
Jahrbuch für Berlin-Brandenburgische Kirchengeschichte
Year: 1995, Volume: 60, Pages: 247-250 |
| Standardized Subjects / Keyword chains: | B
Kunstmann, Johannes 1902-1994
|
| IxTheo Classification: | KAJ Church history 1914-; recent history KBB German language area KDD Protestant Church |
| Further subjects: | B
Kunstmann, Johannes 1902-1994
|
MARC
| LEADER | 00000caa a2200000 c 4500 | ||
|---|---|---|---|
| 001 | 1032988878 | ||
| 003 | DE-627 | ||
| 005 | 20240130104135.0 | ||
| 007 | tu | ||
| 008 | 181017s1995 xx ||||| 00| ||ger c | ||
| 035 | |a (DE-627)1032988878 | ||
| 035 | |a (DE-576)464658268 | ||
| 035 | |a (DE-599)GBV1032988878 | ||
| 040 | |a DE-627 |b ger |c DE-627 |e rda | ||
| 041 | |a ger | ||
| 084 | |a 1 |2 ssgn | ||
| 100 | 1 | |e VerfasserIn |0 (DE-588)141691603 |0 (DE-627)704043084 |0 (DE-576)325387524 |4 aut |a Kunzendorf, Max-Ottokar |d 1935-2009 | |
| 109 | |a Kunzendorf, Max-Ottokar 1935-2009 |a Kunzendorf, Max-O. 1935-2009 | ||
| 245 | 1 | 0 | |a Johannes Kunstmann |b Nachruf |c Max-Ottokar Kunzendorf |
| 264 | 1 | |c 1995 | |
| 336 | |a Text |b txt |2 rdacontent | ||
| 337 | |a ohne Hilfsmittel zu benutzen |b n |2 rdamedia | ||
| 338 | |a Band |b nc |2 rdacarrier | ||
| 601 | |a Nachruf | ||
| 652 | |a KAJ:KBB:KDD | ||
| 689 | 0 | 0 | |d p |0 (DE-588)1160905673 |0 (DE-627)102430356X |0 (DE-576)506241777 |2 gnd |a Kunstmann, Johannes |d 1902-1994 |
| 689 | 0 | |5 (DE-627) | |
| 700 | 1 | |e GefeierteR |0 (DE-588)1160905673 |0 (DE-627)102430356X |0 (DE-576)506241777 |4 hnr |a Kunstmann, Johannes |d 1902-1994 | |
| 773 | 0 | 8 | |i Enthalten in |t Jahrbuch für Berlin-Brandenburgische Kirchengeschichte |d Berlin : Wichern, 1963 |g 60(1995), Seite 247-250 |w (DE-627)129075035 |w (DE-600)2580-X |w (DE-576)01440740X |x 0075-2568 |7 nnas |
| 773 | 1 | 8 | |g volume:60 |g year:1995 |g pages:247-250 |
| 889 | |w (DE-627)1638643504 | ||
| 935 | |a mteo |a DTH5 | ||
| 951 | |a AR | ||
| ELC | |b 1 | ||
| ITA | |a 1 |t 1 | ||
| LOK | |0 000 xxxxxcx a22 zn 4500 | ||
| LOK | |0 001 3298338699 | ||
| LOK | |0 003 DE-627 | ||
| LOK | |0 004 1032988878 | ||
| LOK | |0 005 20240129222518 | ||
| LOK | |0 008 240129||||||||||||||||ger||||||| | ||
| LOK | |0 040 |a DE-Tue135 |c DE-627 |d DE-Tue135 | ||
| LOK | |0 092 |o n | ||
| LOK | |0 852 |a DE-Tue135 | ||
| LOK | |0 852 1 |9 00 | ||
| LOK | |0 935 |a ixzs |a ixmi | ||
| LOK | |0 936ln |0 1442050047 |a KDD | ||
| LOK | |0 936ln |0 1442044721 |a KBB | ||
| LOK | |0 936ln |0 1442044640 |a KAJ | ||
| LOK | |0 939 |a 04-04-16 |b l01 | ||
| ORI | |a SA-MARC-ixtheoa001.raw | ||